000 00565nam a2200205Ia 4500
005 20260429112007.0
008 260429s9999||||xx |||||||||||||| ||und||
020 _a9781787151840
041 _aEnglish
082 _a658.022
_bWAN
100 _aWang, Xi
245 0 _aSmall business management :
_bprinciples and practice, Vol. 1 /
_cXi Wang
260 _aUnited Kingdom :
_bKruger Brentt Publishers,
_c2024.
300 _aix, 331 p.; hb
440 _vVol. 1
650 _a Small enterprises
650 _aManagement
700 _a Cheng, Li
942 _cTB
999 _c51792
_d51792